|
|
|
|
| LEADER |
00748cam a2200217 7i4500 |
| 001 |
0000015667 |
| 005 |
20170218090000.0 |
| 008 |
070612 |
| 020 |
|
|
|a 9789839340655
|
| 020 |
|
|
|a 9839340654 (pbk.)
|
| 090 |
0 |
0 |
|a HF5415
|b .P77 2002
|
| 245 |
0 |
0 |
|a Prinsip pemasaran :
|b teori & praktis
|c Abu Bakar Abdul Hamid...[et al.].
|
| 260 |
|
|
|a Kuala Lumpur:
|b McGraw-Hill,
|c 2002.
|
| 300 |
|
|
|a v, 148 p.;
|c 27 cm.
|
| 504 |
|
|
|a Includes bibliographical references
|
| 650 |
0 |
0 |
|a Marketing
|
| 700 |
0 |
|
|a Abu Bakar Abdul Hamid
|
| 997 |
|
|
|a Business & Accountancy, Faculty
|
| 999 |
|
|
|a 0000021979
|b BOK
|c OPEN SHELF
|e 1st Floor, Bestari Jaya
|
| 999 |
|
|
|a 0000021980
|b BOK
|c OPEN SHELF
|e 1st Floor, Shah Alam
|
| 999 |
|
|
|a 0000022330
|b BOK
|c OPEN SHELF
|e 1st Floor, Bestari Jaya
|